Derechos humanos y Medioevo: un hito en la evolución de una idea
Gespeichert in:
| 1. Verfasser: | |
|---|---|
| Körperschaften: | , , |
| Format: | Buch |
| Sprache: | Spanisch |
| Veröffentlicht: |
Lima
Fondo Editorial Universidad Nacional de San Marcos
2010
|
| Ausgabe: | 1a. ed |
| Schlagworte: | |
| Tags: |
Tag hinzufügen
Keine Tags, Fügen Sie den ersten Tag hinzu!
|
MARC
| LEADER | 00000cam a2200000 a 4500 | ||
|---|---|---|---|
| 001 | UCE5307 | ||
| 003 | CL-VaPUC | ||
| 008 | 141218e20100500pe |||||||||||||||||spa|d | ||
| 020 | |a 9789972464294 | ||
| 082 | 0 | 4 | |a 940.1 |b FLO |2 21 |
| 100 | 0 | |a Flórez, Gloria Cristina |e author |9 577858 | |
| 110 | 2 | |a Universidad Nacional de San Marcos |e author |9 577859 | |
| 710 | 2 | |a Facultad de Ciencias Sociales |e author |9 577860 | |
| 710 | 2 | |a Unidad de Post Grado |e author |9 577861 | |
| 245 | 1 | 0 | |a Derechos humanos y Medioevo: un hito en la evolución de una idea |
| 250 | |a 1a. ed | ||
| 300 | |a 246 p | ||
| 942 | |c BK | ||
| 945 | |d 20141218 14:43:00 |a arojas | ||
| 260 | |a Lima |b Fondo Editorial Universidad Nacional de San Marcos |c 2010 | ||
| 650 | 0 | |a Derechos humanos |9 223025 | |
| 650 | 0 | |a Edad media |9 258041 | |
| 650 | 0 | |a Derecho a la vida |9 337220 | |
| 650 | 0 | |a Dignidad humana |9 394427 | |
| 650 | 0 | |a Historia del derecho |9 255109 | |
| 651 | 7 | |a EUROPA OCCIDENTAL |2 CL-VaPUC |9 441573 | |
| 583 | |a last modification |c 20161004 05:27:01 |k Rodrigo Vera | ||
| 999 | |c 358058 |d 358056 | ||
| 952 | |0 0 |1 0 |3 erb |4 0 |6 940_100000000000000_FLO_2010 |7 0 |8 A |9 466302 |a BIBHIS |b BIBHIS |i 5130905 |o 940.1 FLO 2010 |p 5130905 |r 2025-01-20 |w 2019-11-23 |y BK |z Catalogado en:20141218 |k HIS | ||